[Event "Hamar CC-ch B"]
[Site "Hamar"]
[Date "2017.04.20"]
[Round "8"]
[White "Madagov, Ibragim"]
[Black "Ormasen, Hogne"]
[Result "0-1"]
[WhiteElo "888"]
[BlackElo "1113"]
[PlyCount "80"]
[EventDate "2017.01.05"]
[EventType "swiss"]
[EventRounds "9"]
[EventCountry "NOR"]
[SourceTitle "EXT 2024"]
[Source "ChessBase"]
[SourceDate "2023.10.10"]
[SourceVersion "1"]
[SourceVersionDate "2023.10.10"]
[SourceQuality "1"]

1. e4 c5 2. d4 cxd4 3. c3 dxc3 4. Nxc3 Nc6 5. Nf3 a6 6. Bc4 e6 7. 0-0 Bc5 8. Qe2 Nge7 9. Rd1 Qc7 10. Be3 Bxe3 11. Qxe3 0-0 12. Bb3 Na5 13. Ne2 Nxb3 14. Qxb3 b5 15. Rac1 Qb6 16. Ng3 Rd8 17. Qb4 Nc6 18. Qd6 Bb7 19. Ne5 Qa5 20. a3 Rac8 21. b4 Qxa3 22. Nxc6 Bxc6 23. Rxc6 h6 24. Rxc8 Rxc8 25. Qxd7 Rc4 26. Qd8+ Kh7 27. Qd3 Rc3 28. Qb1 Rb3 29. Qa1 Qxb4 30. Qxa6 Rb1 31. Rxb1 Qxb1+ 32. Nf1 b4 33. g3 b3 34. Kg2 Qxe4+ 35. f3 Qc2+ 36. Kh3 b2 37. Ne3 Qb3 38. Nc4 b1Q 39. Nd2 Q1a2 40. Qe2 Qbc2 0-1

[Event "Hamar Ridabu School-ch B"]
[Site "Hamar"]
[Date "2016.02.04"]
[Round "3"]
[White "Ormasen, Hogne"]
[Black "Kanstad, Jan Magnus"]
[Result "0-1"]
[WhiteElo "1092"]
[BlackElo "1413"]
[PlyCount "124"]
[EventDate "2016.01.07"]
[EventType "swiss"]
[EventRounds "9"]
[EventCountry "NOR"]
[SourceTitle "EXT 2024"]
[Source "ChessBase"]
[SourceDate "2023.10.10"]
[SourceVersion "1"]
[SourceVersionDate "2023.10.10"]
[SourceQuality "1"]

1. d4 b6 2. Nf3 Bb7 3. c4 Bxf3 4. exf3 g6 5. Nc3 Bg7 6. g3 c6 7. Bg2 Nf6 8. 0-0 d5 9. cxd5 cxd5 10. Bf4 0-0 11. Rc1 Nh5 12. Be3 Qd7 13. Re1 e6 14. Qd3 Rc8 15. Rc2 Nc6 16. Qb5 Qd8 17. Rd1 a6 18. Qe2 b5 19. h4 Na5 20. b3 Rc6 21. Bg5 Bf6 22. f4 Rac8 23. Rdc1 Qc7 24. Bh3 Bxg5 25. hxg5 Qd6 26. Nd1 Rxc2 27. Rxc2 Rxc2 28. Qxc2 Qc6 29. Qc5 Qxc5 30. dxc5 Kf8 31. Nb2 Ke7 32. Nd3 Nc6 33. a3 Ng7 34. Ne5 Nxe5 35. fxe5 Kd7 36. b4 Kc6 37. g4 Ne8 38. Kf1 Nc7 39. Ke2 a5 40. Kd3 axb4 41. axb4 Na6 42. Kc3 Kb7 43. f4 Nb8 44. f5 Nc6 45. Bf1 Ka6 46. fxe6 fxe6 47. Be2 Nxe5 48. Kd4 Nc6+ 49. Kc3 e5 50. Bd1 Kb7 51. Bb3 Ne7 52. Kd3 Kc6 53. Ke3 Kd7 54. Kf3 Ke6 55. Ke3 Nc6 56. Kd3 Nxb4+ 57. Kc3 Nc6 58. Kd3 e4+ 59. Ke3 Ke5 60. Bd1 d4+ 61. Kf2 Na5 62. Kg3 d3 0-1

[Event "Hamar CC-ch"]
[Site "Hamar"]
[Date "2014.05.08"]
[Round "9"]
[White "Orsleie, Sivert Nikolai"]
[Black "Ormasen, Hogne"]
[Result "0-1"]
[WhiteElo "893"]
[BlackElo "1164"]
[PlyCount "80"]
[EventDate "2014.01.09"]
[EventType "swiss"]
[EventRounds "9"]
[EventCountry "NOR"]
[SourceTitle "EXT 2024"]
[Source "ChessBase"]
[SourceDate "2023.10.10"]
[SourceVersion "1"]
[SourceVersionDate "2023.10.10"]
[SourceQuality "1"]

1. e4 c6 2. c4 d5 3. cxd5 cxd5 4. exd5 Qxd5 5. Nc3 Qa5 6. d4 Nf6 7. Nf3 Bg4 8. Be2 e6 9. Bg5 Ne4 10. Bb5+ Nc6 11. Bxc6+ bxc6 12. Qd3 Nxc3 13. bxc3 Bxf3 14. Qxf3 Qxg5 15. Qxc6+ Ke7 16. Qxa8 Qb5 17. Qxa7+ Kf6 18. Qa8 g6 19. Qf3+ Kg7 20. Qe4 Bd6 21. Rb1 Qc4 22. Qc2 Ra8 23. Qb3 Qd3 24. Rb2 Rb8 25. Qc2 Qxc2 26. Rxc2 Rb1+ 27. Ke2 Rxh1 28. h3 Ba3 29. c4 Rb1 30. c5 Rb8 31. Rc3 Rb2+ 32. Kd3 Rxa2 33. c6 Bd6 34. Ke3 Ra7 35. g4 f5 36. g5 Kf8 37. d5 exd5 38. Kd4 Ke7 39. Kxd5 Ra5+ 40. Kd4 Be5+ 0-1

[Event "Hamar CC-ch"]
[Site "Hamar"]
[Date "2013.01.17"]
[Round "2"]
[White "Ormasen, Hogne"]
[Black "Wago, Anders"]
[Result "0-1"]
[WhiteElo "1212"]
[BlackElo "1679"]
[PlyCount "24"]
[EventDate "2013.01.03"]
[EventType "swiss"]
[EventRounds "9"]
[EventCountry "NOR"]
[SourceTitle "EXT 2024"]
[Source "ChessBase"]
[SourceDate "2023.10.10"]
[SourceVersion "1"]
[SourceVersionDate "2023.10.10"]
[SourceQuality "1"]

1. d4 d5 2. c4 e6 3. e3 Nf6 4. Nc3 c6 5. c5 b6 6. b4 a5 7. Ba3 axb4 8. Bxb4 bxc5 9. Bxc5 Bxc5 10. dxc5 Ra3 11. Qd4 Qa5 12. Kd2 Rxc3 0-1